00530nam a22001577a 4500008004100000020001800041050002200059100001700081245011100098260003900209300002700248500003200275700002400307700002300331700001800354170306b xxu||||| |||| 00| 0 eng d a9780538473453 aHF 5636 .R53 2012 aRich, Jay S. aCornerstones of Financial Accounting /cJay S. Rich; Jefferson P.Jones; Maryanne M. Mowen and Don R.Hansen aSouth-Western :bCengage ,c2012 . axxxii, 794p. :bill. ; aincludes appendix and index aJones, Jefferson P. aMowen, Maryanne M. aHansen,Don R.